00971 2200313 4500001002100000005001500021035002000036007000300056008004100059020002200100082001400122084001600136100002500152245011400177250003000291300002900321650002500350700003200375264004600407336002100453337003000474338002300504040002200527850001200549504003000561090002200591999002200613990002200635INLIS00000000087995520230712022416 a0010-0723000326ta230712s2023 xx g ind u a978-623-400-596-704223a153.8 a153.8 RET f0 aRetno D.NePengarang10aFix your bad habit :bteknik paling serius mengubah kebiasaan buruk /cRetno D.N; penyunting, Astria Sekar A. aCetakan pertama, Mei 2023 avi, 138 halaman ;c19 cm04aMotivasi (Psikologi)0 aAstria Sekar A.ePenyunting31aYogyakarta :bAnak Hebat Indonesia,c2023 2rdacontentateks 2rdamediaatanpa perantara 2rdacarrieravolume aYOPDYOGbinderda aYOPDYOG aBibliografi : halaman 135 aCB-D.11 2023-1237 aCB-D.11/2023-1237 aCB-D.11/2023-1237